[Event "Harplinge"]
[Site "Harplinge"]
[Date "1998.08.15"]
[Round "1"]
[White "Sutovsky, Emil"]
[Black "Hansen, Curt"]
[Result "0-1"]
[WhiteElo "2575"]
[BlackElo "2610"]
[Annotator "Yudasin,L"]
[PlyCount "120"]
[EventDate "1998.08.15"]
[EventType "tourn"]
[EventRounds "9"]
[EventCountry "SWE"]
[EventCategory "12"]
[SourceTitle "CBM 067"]
[Source "ChessBase"]
[SourceDate "1998.11.30"]
[SourceVersion "2"]
[SourceVersionDate "1998.11.01"]
[SourceQuality "1"]

1. e4 g6 2. d4 Bg7 3. Nc3 d6 4. Bg5 Nd7 (4... a6) (4... Nf6) 5. Nf3 (5. f4 c5
6. Nf3 (6. d5 a6 7. a4 Qa5 8. Nf3 $2 (8. Qd2 b5 9. Nf3 Ngf6 $17) (8. Nge2 $1
Ngf6 9. Ng3 $13) 8... Bxc3+ 9. bxc3 Qxc3+ 10. Kf2 Ngf6 $17) 6... cxd4 7. Nxd4
Nc5 8. Be2 Nf6 9. e5 $2 (9. Bf3 O-O 10. O-O Ne6 $10) 9... dxe5 10. fxe5 Nfe4
11. Bb5+ Bd7 12. e6 Bxb5 13. exf7+ Kf8 $19) 5... a6 (5... c5 6. Qd2 cxd4 7.
Nxd4 Ngf6 8. Bh6 $14) 6. a4 h6 (6... c5 7. Be2 (7. d5 Qb6 8. Rb1 Qb4 9. Nd2
Bxc3 10. bxc3 Qxc3 11. Be2 $13) 7... cxd4 8. Nxd4 Ngf6 $10) 7. Be3 (7. Bh4 c5
8. d5 Qa5) 7... b6 (7... Ngf6 8. h3 O-O 9. Qd2 Kh7 10. Be2) 8. d5 (8. Bc4 Bb7
9. O-O e6 10. Qd2 Ne7 11. d5 (11. Bb3 b5 12. axb5 axb5 13. Rxa8 Bxa8 14. Qd3 b4
15. Ne2 O-O $13) 11... e5 12. Ne1 f5 13. f3 (13. f4 exf4 14. Bxf4 g5) 13... f4
14. Bf2 g5 $13) 8... Ngf6 (8... e6 9. Nd4) 9. Nd4 O-O (9... Bb7 10. Bc4 Ne5 11.
Bb3 Neg4 12. Bc1 $16) 10. f3 (10. Nc6 Qe8 11. Be2 e6 12. O-O Bb7) 10... Qe8 11.
Qd2 Kh7 12. Bc4 (12. g4 e6 13. O-O-O (13. dxe6 fxe6 14. h4 c5 15. Nde2 d5 16.
exd5 (16. g5 d4 17. gxf6 dxe3 18. Qxe3 Nxf6 19. Nf4 Qf7 20. Rg1 Nd5 21. Ncxd5
Bd4) 16... exd5 17. g5 d4 $13) 13... Bb7 14. Bc4 Ne5 15. Bb3 exd5 16. exd5 b5
$36) 12... Ne5 13. Bb3 e6 14. O-O exd5 15. Nxd5 $1 (15. exd5 {/\Rae1,h3,f4+/-}
Nfd7 16. Rae1 Nc5 $132) 15... Nxd5 16. Bxd5 (16. exd5 $1 Bb7 17. Rae1 Qc8 $14)
16... c6 17. Ba2 (17. Bb3 c5 (17... Rb8) 18. Ne2 c4 19. Ba2 b5 20. Qxd6 f5 $146
) 17... Rb8 $1 18. Rad1 (18. Ne2 Be6 19. Qxd6 Nc4 20. Bxc4 Bxc4 21. Rfe1 Bxb2
22. Rab1 Bg7 $15) 18... b5 19. axb5 axb5 20. Ne2 Ra8 $1 21. Bb3 (21. Ra1 Be6
22. Bxe6 Qxe6 23. Rxa8 Rxa8 (23... Nc4 24. Qc1 Rxa8 25. Bd4 $15)) 21... Be6 22.
Bxe6 (22. Qxd6 Nc4 23. Bxc4 Bxc4 {e2,b2}) 22... Qxe6 23. b3 (23. Qxd6 Qxd6 24.
Rxd6 Nc4 25. Rd3 Nxb2 (25... Nxe3 26. Rxe3 Bxb2)) 23... Rfd8 $6 24. Bb6 Rd7 25.
f4 (25. Nf4 Qe8 26. Bf2 {/\Rfe1,Nd3} Ra2 $15 {/\Qa8}) 25... Ng4 26. Ng3 (26. f5
Qe7 27. Qf4 h5 $36) 26... h5 27. h3 h4 28. Ne2 (28. hxg4 hxg3 29. Qe2 Re8 30.
Rfe1 Bc3) 28... Nf6 29. f5 Qe7 (29... Qxe4 30. Rf4) 30. Qe1 Nxe4 31. Bd4 d5 (
31... g5 32. Bxg7 Kxg7 33. Nd4 {/\Nc6,/\f6,Nf5}) 32. Nc3 (32. Bxg7 Kxg7 33. Rf4
Rh8) 32... Bxd4+ 33. Rxd4 Ng3 34. fxg6+ (34. f6 Qc5 {/\Qc3,Ne2} (34... Qxe1 35.
Rxh4+ Kg8 36. Rxe1 Nh5 37. Rf1 Rd6 $17) 35. Qe3 Nh5 (35... Qxc3 36. Rxh4+ Kg8
37. Rh8+ Kxh8 38. Qh6+) 36. b4 Re8 37. Qd2 Qa7 $17) 34... fxg6 35. Qxe7+ Rxe7
36. Rxh4+ Kg7 $17 {Weaknessc2,bad Rh4,Nc3} 37. Rd1 (37. Rf3 Ra1+ 38. Kf2 (38.
Kh2 Nf1+ 39. Kg1 Nd2+) 38... Nh1#) 37... Re3 38. Rd3 Nf5 (38... Rxd3 39. cxd3
Ra3 40. Rb4 Nf5 41. Kf2 Nd6 $17) 39. Rb4 (39. Rg4 Rxd3 40. cxd3 Ra3) 39... d4
$6 (39... Rxd3 40. cxd3 Ra1+ (40... Ra3 $19) 41. Kf2 Rc1 42. Ne2 Rc2 $17) 40.
Rxe3 $2 (40. Rbxd4 Re1+ 41. Kf2 Nxd4 42. Kxe1 Nxc2+ 43. Kd2 Nb4 44. Rd4 $10)
40... dxe3 41. g4 (41. Kf1 Ng3+) 41... Ra1+ 42. Kh2 Nh4 43. Re4 (43. Kg3 g5 {
/\Rg1,Nf3}) 43... Re1 {White play piece down[Nc3 without moves]} 44. g5 (44.
Kg3 g5 $19) 44... Nf5 45. Kg2 Rc1 46. Ne2 Rxc2 47. Kf3 c5 $19 48. Re5 (48. Nf4
Rf2+ (48... Rc3 $1 {/\Rb3,/\Nd4}) 49. Kg4 Kf7 50. h4 $132) 48... Nd4+ 49. Nxd4
cxd4 50. Re7+ Kf8 51. Re4 Rf2+ 52. Kg3 Rd2 {/\e2} 53. Kf3 b4 54. h4 Kf7 55. h5
(55. Re5 Rf2+ 56. Ke4 (56. Kg3 Rf1 57. Kg2 Rb1 58. Kf3 Rxb3 (58... d3 $1 59.
Rxe3 (59. Kxe3 Re1+) 59... d2) 59. Ke4 $13) 56... Rf5) 55... gxh5 56. Kf4 Rf2+
57. Kg3 (57. Ke5 d3 58. Rxe3 Re2 59. Kf4 Rxe3 60. Kxe3 h4) 57... Rf1 58. Kg2
Rd1 59. Kf3 Kg6 60. Re5 Rf1+ {61.Ke2 Rf2/\Rd2,h4, 62.Kg2 Rb1 63.Kf3 d3 Yudasin}
0-1

[Event "RUS-Cup01 Chigorin Memorial"]
[Site "St Petersburg"]
[Date "1997.11.03"]
[Round "3"]
[White "Kobalia, Mihail"]
[Black "Chepukaitis, Genrikh"]
[Result "1-0"]
[WhiteElo "2495"]
[BlackElo "2330"]
[Annotator "Yudasin,L"]
[PlyCount "89"]
[EventDate "1997.11.01"]
[EventType "swiss"]
[EventRounds "9"]
[EventCountry "RUS"]
[SourceTitle "CBM 062"]
[Source "ChessBase"]
[SourceDate "1998.01.31"]
[SourceVersion "1"]
[SourceVersionDate "1998.01.31"]
[SourceQuality "1"]

1. e4 {Petursson} g6 2. d4 Bg7 3. Nf3 d6 4. c3 Nd7 5. Nbd2 (5. Bd3) 5... e6 6.
Bd3 Ne7 7. O-O O-O 8. Re1 a6 (8... b6 9. Nf1 h6 (9... Bb7 10. Ng3 e5 11. Bb5 c6
12. Bf1 Qc7 13. Bg5 Rfe8 14. Qd2 Rad8 15. Bh6 Bh8 16. Bc4 d5 17. exd5 cxd5 18.
Bb3 e4 19. Ng5 Bg7 20. Bxg7 Kxg7 21. f3 h6 22. Nh3 f5 23. Re2 Ba6 24. Rf2 {
Kharlov,A-Minasian,A/EUCup f 1996/CBM 56/1-0 (44)}) 10. Bc2 Bb7 11. Ng3 Kh7 12.
h3 e5 13. Be3 Nc6 14. Qd2 Qe7 15. Rad1 Rad8 16. b4 Nf6 17. d5 Nb8 18. c4 c6 19.
Qe2 Rc8 20. Bd3 c5 21. a3 Rc7 22. Nd2 Qe8 23. f4 Ng8 24. f5 Qa4 25. b5 a6 26.
Rc1 axb5 27. cxb5 Rd8 28. Bc2 Qa7 29. Nc4 Bf6 30. a4 Rcd7 31. Ra1 Bc8 32. a5
bxa5 33. Rxa5 Qb7 34. Rea1 Bh4 35. Qg4 Bxg3 36. Qxg3 gxf5 37. exf5 f6 38. Nxd6
Qxd5 39. Rd1 Qxd1+ 40. Bxd1 Rg7 41. Ra7 Rxa7 42. Qg6+ Kh8 43. Bb3 {1-0
Shchekachev,A-Chepukaitis,G/St.Petersburg op2 1994/EXP 43}) 9. a4 (9. Nf1 b6
10. Be3 h6 11. Qd2 Kh7 12. Rad1 $14) 9... b6 10. Nf1 h6 11. Be3 Bb7 12. Qd2 Kh7
13. Ng3 e5 $1 14. Bc2 (14. Rad1) 14... Ng8 15. h3 (15. Rad1 Qe7 16. h4 $5 $36)
15... Qe7 16. Rad1 Rad8 17. b4 (17. h4 $5) (17. Qc1) 17... Ngf6 18. d5 (18.
dxe5 Nxe5 19. Nxe5 dxe5 20. Qe2 h5 21. Bg5 Bh6 $11) 18... Ra8 19. Qe2 $5 (19.
a5 b5 20. Bb3 {/\C4}) 19... a5 20. Nd2 Ng8 {/\h5,Bh6} 21. Nc4 Ba6 22. bxa5 bxa5
23. Bd3 h5 $1 24. Nxe5 $2 (24. Na3 Bxd3 25. Qxd3 h4 26. Nf1 {Nd2,Nb5+/=}) 24...
Bxd3 25. Nxd3 h4 26. Nf1 Qxe4 27. Qc2 (27. Bg5 Qxa4 28. Ra1 Qc4 29. Ne3 Qxc3
30. Rac1 Qb3 $13) 27... Qc4 $1 28. Bg5 Rfe8 $6 (28... Qxc3 29. Qxc3 Bxc3 30.
Re4 Bf6 31. Rxh4+ Kg7 32. Bxf6+ Ngxf6 33. Ne3 Nb6 $15) (28... Qxd5 29. Ne5 Qe6
30. Nf3 Qc4 31. Bxh4 Qxc3 $15) 29. Rxe8 Rxe8 30. Ne3 Qa6 (30... Qxc3 31. Qxc3
Bxc3 32. Rc1 $16) 31. Bxh4 Ngf6 32. c4 $13 (32. Bxf6 Nxf6 33. c4 Ne4 $44) 32...
Ne4 33. Ne1 Ndc5 34. Nd3 Nd7 35. Ne1 Nb6 36. Nf3 Nc3 (36... Kg8 $14) 37. Rd3
Ncxa4 $2 (37... Nbxa4 $13) 38. Ng5+ Kg8 39. Nxf7 $1 Re4 (39... Kxf7 40. Ng4
Qxc4 (40... Kg8 {Petursson} 41. Rg3 Re1+ 42. Kh2 g5 43. Qg6 $18) (40... Qc8 41.
Rf3+ Kg8 42. Qxg6 $18) 41. Rf3+ Kg8 42. Qxg6 $18) 40. Ng5 $1 Rxh4 41. Rd4 $3
Rh6 (41... Rxd4 42. Qxg6 Rf4 (42... Qc8 {Petursson} 43. Qh7+ Kf8 44. Ne6+ $18)
43. Qe6+ Kh8 44. Qe8+ Bf8 45. Qg6 $18) 42. Ng4 $1 Bxd4 $8 43. Nxh6+ Kg7 (43...
Kf8 44. Qxg6 Ke7 45. Qe6+ Kd8 46. Ngf7#) 44. Ne6+ $1 Kxh6 (44... Kh7 45. Nf8+
Kg7 46. Qxg6+ Kxf8 47. Qf7#) (44... Kf6 45. Qd2 {/\Qg5} Ke7 46. Qxd4 $18) 45.
Qd2+ (45. Qd2+ {Petursson BLACK RESIGNED because he cannot stop mate:} Kh7 (
45... g5 46. Qxd4 Kg6 47. Qg7+ Kf5 48. Qxg5+ Ke4 49. Qg6+ Ke5 50. f4#) 46. Qxd4
Qxc4 47. Qg7#) 1-0

[Event "RUS-ch51"]
[Site "St Petersburg"]
[Date "1998.08.01"]
[Round "5"]
[White "Voitsekhovsky, Stanislav"]
[Black "Popov, Valerij"]
[Result "1/2-1/2"]
[WhiteElo "2545"]
[BlackElo "2520"]
[Annotator "Yudasin,L"]
[PlyCount "56"]
[EventDate "1998.07.28"]
[EventType "swiss"]
[EventRounds "11"]
[EventCountry "RUS"]
[SourceTitle "CBM 067"]
[Source "ChessBase"]
[SourceDate "1998.11.30"]
[SourceVersion "2"]
[SourceVersionDate "1998.11.01"]
[SourceQuality "1"]

1. e4 g6 2. d4 Bg7 3. Nc3 d6 4. Bg5 a6 5. f4 (5. a4 b6) 5... b5 6. Nf3 Bb7 7.
Bd3 (7. e5 b4 8. Ne2 f6 9. Bh4 Nh6 $13) 7... Nf6 8. e5 (8. Qe2 O-O 9. e5 dxe5
10. fxe5 Nd5 {/\f6}) 8... b4 $1 9. Ne2 (9. exf6 exf6 10. Qe2+ Qe7 11. Be4 Bxe4
12. Nxe4 fxg5 13. fxg5 Nd7) 9... Bxf3 $2 (9... Nd5 10. Qd2 f6 11. Bh4 Qd7 $132)
10. gxf3 Nd5 11. Be4 c6 12. Qd3 $36 Nd7 $2 (12... f5 13. Bxd5 cxd5 14. O-O-O
Nc6 15. Kb1 {/\Rhg1,Bh4-f2,h4,/\c3[c4]}) 13. exd6 N7f6 (13... f6 14. dxe7 Qxe7
15. Bh4 Bh6 16. f5 (16. Bxd5 cxd5 17. Bg3 $16) 16... gxf5 17. Bxd5 cxd5 18.
Qxf5 (18. O-O $5 $16) 18... O-O-O 19. Qxd5 Rhe8 20. Qc6+ Kb8 21. Bg3+ Ka7 22.
O-O Qxe2 $13) 14. dxe7 Qxe7 15. f5 $16 O-O 16. O-O $6 (16. O-O-O a5 17. h4 $16)
16... Qd6 17. Kh1 Nh5 $1 18. Qd2 (18. c4 bxc3 19. bxc3 Rfe8 20. Rab1 Qa3 $132)
18... Rfe8 19. Rae1 (19. c4 bxc3 20. bxc3 Ndf6 21. Bd3 (21. Nf4 Rxe4 (21...
Nxe4 22. fxe4 Nxf4 23. Bxf4) 22. Nxh5 Rxd4 (22... Ree8 23. Nxg7 $16) 23. cxd4
Nxh5 24. Rad1 $16) 21... c5 $132) 19... a5 20. Rg1 (20. c4 Ndf6 (20... bxc3 21.
bxc3 Rab8 22. c4 Ndf6 23. Bd3 Qa3 $132 {+/-}) 21. Bb1 $16) 20... a4 {/\a3,
bleak inventionaly lookin o the chanses} 21. c4 bxc3 22. bxc3 Rab8 23. Ng3 $2 (
23. Rb1 a3 24. c4 Ndf6 25. Bd3 $16) 23... Nxg3+ 24. hxg3 (24. Rxg3 a3) 24... a3
25. Qd3 (25. Rb1 Rxb1 26. Bxb1 Rb8 $132) 25... gxf5 (25... Rb2 $4 26. Bxd5 Rxe1
27. Rxe1 (27. Bxf7+ Kxf7 28. Rxe1 Rxa2 $13) 27... cxd5 (27... Qxd5 28. Re8+ Bf8
29. Bh6) 28. Re8+ Bf8 29. Bh6 Rb8 30. Bxf8) 26. Bxf5 Rxe1 27. Rxe1 (27. Bxh7+
Kh8 28. Rxe1 Qxg3) 27... Qxg3 28. Rg1 Qf2 {29.Rg2 Qe1 30.Kh2 Rb2,30...Qc3 31.
Bh6 Rb2,31.Bh7 Kf8 /\Rb2,30.Rg1 Qf2 31.Rg2= Yudasin} 1/2-1/2

[Event "Nordic-ch VISA"]
[Site "Reykjavik"]
[Date "1997.10.20"]
[Round "11"]
[White "Thorhallsson, Throstur"]
[Black "Hjartarson, Johann"]
[Result "1/2-1/2"]
[WhiteElo "2510"]
[BlackElo "2605"]
[Annotator "Yudasin,L"]
[PlyCount "80"]
[EventDate "1997.10.08"]
[EventType "tourn"]
[EventRounds "13"]
[EventCountry "ISL"]
[EventCategory "10"]
[SourceTitle "CBM 062"]
[Source "ChessBase"]
[SourceDate "1998.01.31"]
[SourceVersion "1"]
[SourceVersionDate "1998.01.31"]
[SourceQuality "1"]

1. e4 g6 2. d4 Bg7 3. Nc3 d6 4. Be3 a6 5. f4 b5 6. Bd3 (6. Be2 {/\Bf3}) 6...
Bb7 7. Nf3 Nf6 8. e5 (8. a3 Nbd7 9. h3 c5 10. e5 Nh5 $17) 8... Ng4 (8... Nd5 9.
Nxd5 Bxd5 10. O-O Nd7 11. Qe2 {/\a4,/\f5}) 9. Qe2 (9. Bg1 c5 10. exd6 c4 $15)
9... c5 (9... Nc6 10. Bg1 O-O 11. h3 Nh6 12. h4 Nb4 13. h5 Nxd3+ 14. Qxd3 c5
15. e6 c4 16. exf7+ Rxf7 17. Qe2 e5 18. hxg6 hxg6 19. fxe5 Bxf3 20. gxf3 dxe5
21. d5 Nf5 22. Qh2 Bh6 23. Ne4 Qf8 24. Ng5 Rd7 25. Qxe5 Re8 26. Ne6 Bg7 27. Qe4
Qb4+ 28. Kf2 Qd2+ {0-1 Rahman,Z-Norwood,D/Dhaka 1993/EXT 93}) (9... Nxe3 10.
Qxe3 O-O 11. O-O-O Nd7 12. e6 Bxf3 13. exf7+ Rxf7 14. gxf3 Bh6 15. Ne2 {/\h4})
10. e6 $5 (10. exd6 Nxe3 11. Qxe3 cxd4 12. Nxd4 Qxd6 $17) (10. Bg1 cxd4 11.
Nxd4) 10... Bxf3 (10... fxe6 11. Bg1 {/\Ng5}) (10... Nxe3 11. exf7+ Kxf7 12.
Qxe3 Bxf3 13. Qxf3 cxd4 14. Ne4 $40) 11. Qxf3 Nxe3 12. exf7+ Kxf7 13. Qxa8 cxd4
14. Nd1 (14. Nd5 Qa5+ 15. Ke2 Nc4 $146) (14. Ne4 Nxg2+ 15. Kd2 Nxf4 16. Ng5+
Kg8 17. Raf1 Bh6 18. h4 $16) 14... Qc7 15. Nxe3 dxe3 16. Qd5+ (16. O-O-O Nc6
17. Qxa6 Nb4 18. Qxb5 Nxa2+ 19. Kb1 Nc3+ 20. bxc3 Rb8 $19) 16... e6 17. Qb3 Qc5
(17... Nc6 18. O-O Nd4 19. Qa3 Qb6 20. Kh1 $13) 18. c3 Nc6 19. a3 $6 (19. O-O
b4 20. f5 e2+ 21. Rf2 $16) 19... Ke7 20. Be2 Rf8 21. O-O d5 $11 22. Kh1 Qd6 23.
g3 Rd8 24. Rad1 Qc5 25. h4 {/\Kh2} Bf6 26. Kh2 Kf7 27. Rfe1 Kg7 28. Bf3 Na5 29.
Qb4 Qb6 30. Be2 $11 h6 31. a4 Nc6 32. Qb3 Rb8 (32... Na5 33. Qb4 Nc6 $11) 33.
axb5 axb5 34. Ra1 b4 (34... g5 35. hxg5 hxg5 36. f5 Na5 37. Rxa5 Qxa5 38. fxe6
d4 39. Qd5 $13) 35. Ra6 Qc5 36. Qa4 Ne7 (36... Rb6 37. Rxb6 Qxb6 38. Bb5 Na7
39. Qa6 $16) 37. Ra5 (37. Rxe6 bxc3 38. bxc3 Qxc3 39. Qd7 Kf7 40. Rxe7+ Bxe7
41. Qxd5+ Kg7 42. Rg1 $11) 37... Qd6 38. Ra6 Qc5 39. Ra5 Qd6 40. Ra6 Qc5
1/2-1/2

[Event "RUS-ch51"]
[Site "St Petersburg"]
[Date "1998.08.02"]
[Round "6"]
[White "Aseev, Konstantin N"]
[Black "Rashkovsky, Nukhim N"]
[Result "1-0"]
[WhiteElo "2525"]
[BlackElo "2535"]
[Annotator "Yudasin,L"]
[PlyCount "75"]
[EventDate "1998.07.28"]
[EventType "swiss"]
[EventRounds "11"]
[EventCountry "RUS"]
[SourceTitle "CBM 067"]
[Source "ChessBase"]
[SourceDate "1998.11.30"]
[SourceVersion "2"]
[SourceVersionDate "1998.11.01"]
[SourceQuality "1"]

1. e4 {Baburin} g6 2. d4 Bg7 3. Nc3 d6 4. f4 a6 5. Nf3 b5 6. Bd3 Bb7 7. e5 $1 (
7. Be3 Nf6 8. e5 Nd5 9. Nxd5 $14) 7... e6 (7... Nd7 8. e6 $6 (8. O-O c5 (8...
e6 {-7...e6}) 9. exd6 exd6 10. Re1+ Ne7 11. Be4 $16) 8... fxe6 9. Ng5 Nf8 10.
Be4 $13) 8. a4 $1 (8. Be4 Bxe4 (8... d5 9. Bd3 Nd7 10. Be3 Nh6 $14) 9. Nxe4 Ne7
10. O-O O-O (10... Nbc6 11. c3 O-O 12. Nfg5 h6 13. Qg4 dxe5 14. dxe5 hxg5 15.
Nxg5 Nf5 16. Qh3 Nh6) 11. Nfg5 $40) 8... b4 9. Ne4 Ne7 10. O-O $16 O-O 11. Qe1
$1 {Baburin: 'Such system are very dangerous for Black, whose chances of being
checkmated are very high, particularly when facing a good attacker.'} a5 12. c3
{'!' Baburin. Baburin: 'A stable centre is one of the main requirements for a
successful flank attack and White's last move comports with the rule by 100%.'}
(12. Qh4 Bxe4 13. Bxe4 d5 14. Bd3 c5 15. dxc5 Nd7 16. Be3 Rc8 $132) 12... Ba6 {
Baburin: 'Generally, exchanging pieces is a good way of defending cramped
positions, but here it might be just too late, as White's attack is already
very strong.'} (12... bxc3 13. bxc3 Bxe4 14. Bxe4 d5 15. Bd3 c5 16. Ba3 $16) (
12... Bxe4 13. Bxe4 d5 14. Bd3 c5 15. dxc5 bxc3 16. Qxc3 Nbc6 17. Be3 $16) (
12... h6 13. g4 $36) 13. Bxa6 Nxa6 (13... Rxa6 14. cxb4) 14. Nfg5 $1 {/\Qh4,/
\Nh7,Ng5[f6],/\g4} h6 (14... bxc3 15. bxc3 {/\Ba3}) (14... dxe5 15. fxe5 h6
16. Nf6+ (16. Nf3 c5 17. Qh4 Nf5 18. Qh3 cxd4 19. g4 Ne3 20. cxd4 Nxf1 21. Bxh6
$18) 16... Bxf6 17. exf6 Nf5 18. Ne4 h5 19. h3 h4 20. Bg5 $16) 15. Nf6+ $1 Kh8
(15... Bxf6 $5 16. exf6 hxg5 (16... Nf5 17. g4 hxg5 (17... Qxf6 18. Ne4) (17...
Nxd4 18. cxd4 hxg5 19. fxg5 $16) 18. fxg5 $18 {/\gf4,Qh4}) (16... Nd5 $2 17.
Qh4 $2 (17. Nxe6 $1 $16) 17... Qxf6 (17... Nxf6 18. Qxh6 {/\Rf3-h3}) 18. Qxh6
Qh8 19. Qxh8+ Kxh8 20. c4 Nb6 (20... Nf6 21. b3 d5 22. c5 Nb8 23. h3 Nc6 24.
Be3 {/\g4+/-})) (16... Nc6 $1 17. Nxe6 (17. Qh4 {Baburin} Qxf6 18. Qxh6 Qg7 19.
Qh4 $16 {should be preferred.}) 17... fxe6 18. Qe4 Qxf6 19. Qxc6 $16) (16...
Nc8 17. Nxe6 fxe6 18. Qe4) 17. fxg5 Nf5 18. Rxf5 exf5 19. Qh4 $18) 16. Ngh7
Bxf6 17. Nxf6 Kg7 (17... Ng8 18. Qh4 Nxf6 (18... Kg7 19. f5 exf5 20. Bg5 Qc8
21. Rf3 Rd8 (21... h5 22. Nxh5+ gxh5 23. Rg3) 22. Rh3 (22. Nxg8 hxg5 23. Qh6+
Kxg8 24. Rh3 $18) 22... hxg5 23. Qh7+ Kf8 24. Qxg8+ Ke7 25. Qg7 Qe6 26. Re1 $18
) 19. exf6 Kg8 20. f5 $18) 18. f5 $1 $18 {'!' Baburin. Baburin: 'White brings
the bishop and the rook into attack, which is bad news for Black.'} Rh8 $8 (
18... Nxf5 19. Rxf5 exf5 20. Bxh6+ {Baburin: 'is quite clear.'} Kxh6 21. Qh4+)
({The f5-pawn could not be touched, as both} 18... exf5 {Baburin} 19. Bxh6+
Kxh6 20. Qh4+ Kg7 21. Qh7#) 19. fxe6 fxe6 20. Qf2 $1 {/\Nh5} Qf8 $8 21. Bf4 {
/\ed6,Bd6,Be5} ({The line} 21. Nh5+ {Baburin} Kg8 22. Qg3 Qd8 23. Rf6 {would
be an easier win for White, but I suspect that GM Aseev, as usual, was in time
trouble. Anyway, even that cannot save Black here.}) 21... d5 (21... Rd8 22.
Qe2 Nb8 23. Bd2 {/\Nh5}) 22. Rac1 c5 (22... bxc3 23. Rxc3 {/\Rh3,Bh6}) 23. dxc5
Nf5 (23... Rc8 24. cxb4 Nxb4 (24... axb4 25. Bd2 Nc6 26. Qg3 Qe7 27. Nh5+ Kh7
28. Rf6 Rcg8 29. Qe3 g5 30. Qd3+) 25. Rc3) 24. g4 Ne7 25. Bd2 Nc6 26. cxb4
Naxb4 (26... axb4 27. Qg3 Qb8 (27... Qe7 28. Nh5+ Kh7 29. Rf6 Raf8 30. Qe3 g5 (
30... Rxf6 31. Qxh6+ Kg8 32. Nxf6+) 31. Qd3+) 28. Nh5+ Kg8 29. Rf6) 27. Rc3 Qe7
(27... Nxe5 28. Qg3 Qb8 29. Bf4 Nbc6 30. Nd7) 28. Rh3 {/\Bh6} g5 29. Nh5+ Kg8
30. Nf6+ {Time} Kg7 31. Nh5+ Kg8 32. Bxb4 axb4 (32... Nxb4 33. Rf3) 33. Qc2
Nxe5 34. Nf6+ Kg7 35. Nh5+ Kg8 36. Re3 b3 37. Qc3 (37. Qb1 Qxc5) 37... Nxg4 38.
Rxe6 {Yudasin} 1-0

[Event "San Francisco Mechanics"]
[Site "San Francisco"]
[Date "1998.07.11"]
[Round "2"]
[White "Hodgson, Julian M"]
[Black "Soltis, Andrew E"]
[Result "1-0"]
[WhiteElo "2575"]
[BlackElo "2410"]
[Annotator "Yudasin,L"]
[PlyCount "81"]
[EventDate "1998.07.10"]
[EventType "tourn"]
[EventRounds "9"]
[EventCountry "USA"]
[EventCategory "10"]
[SourceTitle "CBM 066"]
[Source "ChessBase"]
[SourceDate "1998.09.30"]
[SourceVersion "1"]
[SourceVersionDate "1998.09.30"]
[SourceQuality "1"]

1. d4 g6 2. e4 Bg7 3. Nc3 c6 4. Be3 d6 (4... d5) 5. Qd2 Nd7 6. Nf3 (6. O-O-O b5
7. Kb1 Qa5 $132) 6... b5 7. Bd3 Nb6 (7... e5 8. d5 cxd5 9. Nxb5) (7... Bb7) 8.
h3 Qc7 (8... e5 9. dxe5 dxe5 10. a4 b4 11. Ne2 a5 12. Nc1 Be6 $6 13. Ng5 $16)
9. O-O Bd7 $6 (9... Nf6 10. Bh6 O-O 11. Bxg7 Kxg7 12. e5 Nfd5 13. Rae1 Nxc3 14.
Qxc3 Nd5 15. Qd2 $36) (9... b4 10. Ne2 a5 11. a3 c5 12. dxc5 dxc5 13. axb4 $16
{/\Bb5}) (9... e5 $14) 10. a4 bxa4 (10... b4 11. a5 bxc3 12. axb6 Qxb6 13. Qxc3
$16) (10... a6 11. a5) 11. Nxa4 Nf6 (11... Nxa4 12. Rxa4 c5 13. Qa5 $16 {/\Rfa1
}) 12. Nxb6 Qxb6 13. c4 $16 O-O (13... c5 14. dxc5 dxc5 15. e5 Ng8 16. Ra5) 14.
e5 Ne8 15. b4 $16 Nc7 (15... f6 $2 16. exd6 (16. e6 $1 Bxe6 $4 17. d5) 16...
exd6 17. d5 Qb7 18. Ra5 cxd5 19. cxd5 $16) 16. Bg5 $1 Rfe8 (16... f6 17. exf6
exf6 (17... Bxf6 18. c5 Qb7 19. Rfe1 $16) 18. Bf4) (16... dxe5 17. Bxe7 Rfe8
18. Bc5) 17. Bxe7 Rxe7 18. exd6 Re6 19. c5 Qb7 20. dxc7 $18 Qxc7 21. Bc4 Re7
22. Ra3 Bf5 (22... Be6 23. Bxe6 Rxe6 24. d5 (24. Rfa1 Re7 25. Ra6)) 23. Re1
Rae8 (23... Be4 24. Ng5 (24. Bxf7+ $1) 24... Bd5 25. Rxe7 Qxe7 26. Bxd5 cxd5
27. Nf3) 24. Rae3 Bf6 (24... Be4 25. Bxf7+) (24... Rxe3 25. Rxe3 Rxe3 26. Qxe3
{/\Ng5}) 25. Rxe7 Rxe7 26. Rxe7 Qxe7 27. Qf4 Kg7 28. Ne5 Bg5 (28... Bxe5 29.
Qxe5+ Qxe5 30. dxe5 f6 31. f4) 29. Qg3 f6 30. Nf3 (30. Nxc6 Qe1+ 31. Kh2 Qc1)
30... Bc1 (30... Bh6 31. Qb8 {/\Qg8}) 31. Qb8 Be4 32. Nh2 {/\Ng4,/\Qg8,Ng4} Bf5
33. b5 {/\b5,b6} cxb5 (33... Bb2 34. Nf3 Be4 35. bxc6) 34. Qxb5 Bf4 35. Nf1 Be4
36. d5 Qe5 37. d6 Kh6 (37... Qg5 38. Qd7+ (38. g3 Qh5 39. Qd7+ Kh6 40. Qg4 Qxg4
41. hxg4 Be5 42. Ne3 Bc6 43. Bd5 Bb5 44. Kg2 $18) 38... Kh6 39. Qg4 Qxg4 40.
hxg4 Bc6 41. Ne3 Be5 42. Bd5 Bb5 43. g3 a5 44. Nc2 g5 45. Na3 Ba6 46. d7 Bc7
47. Bc4 Bxc4 48. Nxc4 a4 49. Na3 Kg7 50. Nb5 Ba5 51. c6 Kf7 52. c7 Bxc7 53.
Nxc7 Ke7 54. Nd5+ Kxd7 55. Nb6+) 38. Bd3 Bd5 39. Qb8 $1 Bc6 (39... Qg5 40. Qf8+
Kh5 41. Be2+ Kh4 42. g3+ Kxh3 43. d7) 40. Qf8+ Kg5 41. Qc8 {41...Bd5 42.d7
Yudasin} 1-0